000 00648nam a2200265Ia 4500
005 20260121165043.0
008 008 260114s9999 xx 000 0 eng d
020 _a9781137545848
037 _aEBOOK
040 _aCRL
040 _beng
040 _cCRL
041 _2eng
041 _aeng
084 _qCRL
100 _aH. Hicks
_91046955
245 4 _aThe Post-Apocalyptic Novel in the Twenty-First Century
260 _bSpringer
260 _bSpringer
260 _c2016
856 _uhttps://link.springer.com/openurl?genre=book&isbn=978-1-137-54584-8
942 _cEBOOK
999 _c1612680
_d1612680